000 00646nam a2200169Ia 4500
008 110201s9999 xx 000 0 und d
082 _bB369
_aK 189
100 _aअष्टिकर मंदाकिनी
245 _aअशी खंत होती स्मृतीला
260 _bसदानंद प्रकाशन
365 _b20
600 _aअष्टिकर मंदाकिनी
630 _aअशी खंत होती स्मृतीला
700 _aअष्टिकर मंदाकिनी
730 _aअशी खंत होती स्मृतीला
942 _cBOOK
999 _c827876
_d827873